00491nam a22001697a 450000500170000001000150001702000250003203500140005703700090007108200110008010000340009124500510012526000590017627000610023530000220029670000030031820241210165510.0 aENG-142918 a9789350690413c75.00 aEN-126450 bDBAD a230.35 aSai Baba, Bhagawan Sri Sathya aBhagwad Gita/cby Bhagawan Sri Sathya Sai Baba aPrasanthi Nilayam bSri Sathya Sai Sadhana Trustc2013 aSri Sathya Sai Sadhana TrustbPrasanthi Nilayam e515134 a374p. c22cm (pb)